Washington Cities A-Z - Statistics

General Stats
  • This quiz has been taken 27 times
  • The average score is 14 of 23
Answer Stats
Clue City % Correct
O State capital Olympia
100%
S Has the Space Needle Seattle
100%
D Also the name of an Iowan city Des Moines
88%
E Massive Boeing factory Everett
85%
V City across the Columbia River from Portland, Oregon Vancouver
85%
Q U.S. president Quincy
77%
Y Near Washington's largest apple and hop producing region Yakima
73%
B City near Canada "ringing" with natural beauty Bellingham
69%
T ______ Narrows Tacoma
69%
M "The Strawberry City" {Mary}sville
65%
R Microsoft headquarters Redmond
65%
F Setting of the Twilight books Forks
58%
W Reduplicated name Walla Walla
58%
A Hometown of rock band Nirvana Aberdeen
54%
K One of the Tri-Cities Kennewick
54%
C Also a controversial VP Cheney
46%
P Another one of the Tri-Cities Pasco
46%
U Despite its name, there isn't one {University} Place
46%
I Costco headquarters Issaquah
42%
L Borders city O to the east Lacey
31%
H Borders city A to the west Hoquiam
27%
G Biggest U.S. hydroelectric plant Grand Coulee
23%
N Got its name from an idiom: "Coals to ________" Newcastle
15%
No matching quizzes found
Score Distribution
Percent of People with Each Score
Percentile by Number Answered
Your Score History
You have not taken this quiz